[Event "Quebec-ch U20"]
[Site "Montreal CAN"]
[Date "2013.02.10"]
[Round "4"]
[White "Saha, Ananda"]
[Black "Alcantara, Maximo jr"]
[Result "1-0"]
[WhiteElo "1647"]
[BlackElo "1877"]
[PlyCount "75"]
[GameId "2160767909381870"]
[EventDate "2013.02.08"]
[EventType "swiss"]
[EventRounds "5"]
[EventCountry "CAN"]
[SourceTitle "EXT 2022"]
[Source "ChessBase"]
[SourceDate "2021.10.06"]
[SourceVersion "1"]
[SourceVersionDate "2021.10.06"]
[SourceQuality "1"]

1. d4 Nf6 2. c4 d6 3. Nc3 Nbd7 4. e4 e5 5. d5 a5 6. Nf3 Nc5 7. Qc2 Be7 8. Bg5 Bg4 9. Nd2 Nxd5 10. Bxe7 Nxe7 11. Nb3 Ne6 12. f3 Bh5 13. a4 Nc6 14. O-O-O Bg6 15. h4 h5 16. Qf2 Ncd4 17. Nxd4 Nxd4 18. f4 f5 19. fxe5 dxe5 20. Nb5 O-O 21. Nxd4 exd4 22. Rxd4 Qe8 23. c5 fxe4 24. Qe3 Qc6 25. Bc4+ Kh7 26. Qc3 Rf2 27. g4 hxg4 28. h5 Bf5 29. Bb5 Qh6+ 30. Kb1 e3+ 31. Bd3 Rf8 32. Bxf5+ R2xf5 33. Re4 Qc6 34. Qc2 Kh6 35. Re1 Rxc5 36. Qd3 Qd6 37. Qxe3+ Rg5 38. Re6+ 1-0

[Event "Quebec-ch U20"]
[Site "Montreal CAN"]
[Date "2013.02.10"]
[Round "4"]
[White "Zhang, Evan"]
[Black "Kleinman, Michael"]
[Result "0-1"]
[WhiteElo "1408"]
[BlackElo "2301"]
[PlyCount "68"]
[GameId "2160767909381871"]
[EventDate "2013.02.08"]
[EventType "swiss"]
[EventRounds "5"]
[EventCountry "CAN"]
[SourceTitle "EXT 2022"]
[Source "ChessBase"]
[SourceDate "2021.10.06"]
[SourceVersion "1"]
[SourceVersionDate "2021.10.06"]
[SourceQuality "1"]

1. e4 c5 2. Nf3 e6 3. d4 cxd4 4. Nxd4 Nc6 5. Nc3 Qc7 6. Be3 a6 7. a3 b5 8. Be2 Bb7 9. Qd2 Nf6 10. f3 h5 11. Bf4 e5 12. Nxc6 dxc6 13. Bg5 Be7 14. Qe3 Rd8 15. O-O h4 16. h3 Nh5 17. Bxe7 Qxe7 18. Rfd1 Nf4 19. Bf1 Rxd1 20. Rxd1 Qg5 21. Re1 Nxh3+ 22. Kh1 Nf4 23. Qa7 Bc8 24. Qb8 Ke7 25. Nd1 g6 26. Ne3 h3 27. Kg1 hxg2 28. Bxg2 Rh1+ 29. Kxh1 Qh4+ 30. Kg1 Qxe1+ 31. Kh2 Qxe3 32. Qxc8 Qd2 33. Qc7+ Kf6 34. Qd8+ Qxd8 0-1

[Event "Quebec-ch U20"]
[Site "Montreal CAN"]
[Date "2013.02.10"]
[Round "4"]
[White "Zhu, Hong Rui"]
[Black "Fan, Run Kun"]
[Result "1-0"]
[WhiteElo "2062"]
[BlackElo "1470"]
[PlyCount "119"]
[GameId "2160767909381872"]
[EventDate "2013.02.08"]
[EventType "swiss"]
[EventRounds "5"]
[EventCountry "CAN"]
[SourceTitle "EXT 2022"]
[Source "ChessBase"]
[SourceDate "2021.10.06"]
[SourceVersion "1"]
[SourceVersionDate "2021.10.06"]
[SourceQuality "1"]

1. e4 e5 2. Nf3 Nc6 3. Bb5 a6 4. Ba4 Nf6 5. O-O Be7 6. Re1 b5 7. Bb3 O-O 8. h3 d6 9. c3 Na5 10. Bc2 c5 11. d4 Qc7 12. Nbd2 Nc6 13. Nf1 cxd4 14. cxd4 exd4 15. Bb3 Qb6 16. Bd5 Bb7 17. Bxc6 Bxc6 18. Qxd4 Qxd4 19. Nxd4 Bb7 20. Nf5 Rfe8 21. Bg5 Bf8 22. Bxf6 gxf6 23. N1g3 d5 24. exd5 Rxe1+ 25. Rxe1 Bxd5 26. b3 Be6 27. Nd4 Bb4 28. Re4 Bd5 29. Rg4+ Kf8 30. Nxb5 Ba5 31. Nd4 Bc3 32. Nge2 Bxd4 33. Rxd4 Be6 34. Nf4 Ra7 35. Re4 Bf5 36. Re2 Kg7 37. Re8 Bg6 38. Re2 a5 39. a3 Rb7 40. Rb2 Kh6 41. b4 Kg5 42. Ne2 axb4 43. axb4 Kf5 44. g4+ Ke6 45. f4 Bd3 46. Nc3 f5 47. Kf2 fxg4 48. hxg4 Bc4 49. Ke3 Rd7 50. Rd2 Rxd2 51. Kxd2 f5 52. g5 Ba6 53. Ke3 Bb7 54. Kd4 h6 55. gxh6 Kf6 56. b5 Kg6 57. Ke5 Kxh6 58. Kxf5 Kg7 59. Ne4 Kf7 60. Nd6+ 1-0

[Event "Quebec-ch U20"]
[Site "Montreal CAN"]
[Date "2013.02.10"]
[Round "5"]
[White "Fan, Run Kun"]
[Black "Zhang, Evan"]
[Result "1/2-1/2"]
[WhiteElo "1470"]
[BlackElo "1408"]
[PlyCount "63"]
[GameId "2160767909381873"]
[EventDate "2013.02.08"]
[EventType "swiss"]
[EventRounds "5"]
[EventCountry "CAN"]
[SourceTitle "EXT 2022"]
[Source "ChessBase"]
[SourceDate "2021.10.06"]
[SourceVersion "1"]
[SourceVersionDate "2021.10.06"]
[SourceQuality "1"]

1. e4 e5 2. Nf3 Nc6 3. Bb5 a6 4. Ba4 Nf6 5. O-O d6 6. Bxc6+ bxc6 7. d4 exd4 8. Qxd4 Be7 9. e5 Nd5 10. c4 Nb6 11. c5 dxc5 12. Qxd8+ Bxd8 13. Be3 Nc4 14. b3 Nxe3 15. fxe3 f6 16. Na3 fxe5 17. Nxe5 Bf6 18. Nac4 O-O 19. Rac1 Re8 20. Nf3 Be6 21. Kf2 Rad8 22. Rfd1 Rxd1 23. Rxd1 Bxc4 24. bxc4 Re4 25. Nd2 Re8 26. Nb3 Re4 27. Nd2 Re8 28. Nb3 Rb8 29. Rc1 Be7 30. Rc2 Bd6 31. g3 Rf8+ 32. Ke2 1/2-1/2

[Event "Quebec-ch U20"]
[Site "Montreal CAN"]
[Date "2013.02.10"]
[Round "5"]
[White "Johnson-Constantin, Mathieu"]
[Black "Utepova, Alika"]
[Result "1-0"]
[WhiteElo "1391"]
[BlackElo "1481"]
[PlyCount "47"]
[GameId "2160767909381875"]
[EventDate "2013.02.08"]
[EventType "swiss"]
[EventRounds "5"]
[EventCountry "CAN"]
[SourceTitle "EXT 2022"]
[Source "ChessBase"]
[SourceDate "2021.10.06"]
[SourceVersion "1"]
[SourceVersionDate "2021.10.06"]
[SourceQuality "1"]

1. e4 c5 2. Nf3 d6 3. d4 cxd4 4. Nxd4 Nc6 5. c4 Nf6 6. Nc3 g6 7. Be3 Bg7 8. Be2 O-O 9. f4 Bd7 10. O-O a6 11. Qd2 Rb8 12. f5 Qc7 13. Rad1 Nxd4 14. Bxd4 Bc6 15. Bxf6 Bxf6 16. fxg6 fxg6 17. Bg4 b5 18. Rf3 bxc4 19. Be6+ Kh8 20. Rh3 Bg7 21. Qg5 Qb6+ 22. Kh1 Qf2 23. Bxc4 Rxb2 24. Qxg6 1-0

[Event "Quebec-ch U20"]
[Site "Montreal CAN"]
[Date "2013.02.10"]
[Round "5"]
[White "Ouellet, Maili-Jade"]
[Black "Ma, Indy"]
[Result "1/2-1/2"]
[WhiteElo "1552"]
[BlackElo "1736"]
[PlyCount "134"]
[GameId "2160767909381876"]
[EventDate "2013.02.08"]
[EventType "swiss"]
[EventRounds "5"]
[EventCountry "CAN"]
[SourceTitle "EXT 2022"]
[Source "ChessBase"]
[SourceDate "2021.10.06"]
[SourceVersion "1"]
[SourceVersionDate "2021.10.06"]
[SourceQuality "1"]

1. d4 Nf6 2. c4 e6 3. Nc3 Bb4 4. Qc2 O-O 5. Bg5 d5 6. e3 Nbd7 7. Nf3 c5 8. a3 Bxc3+ 9. bxc3 Qa5 10. Nd2 cxd4 11. cxd4 dxc4 12. Bf4 b5 13. Be2 Bb7 14. O-O a6 15. a4 Qd8 16. Rab1 Bc6 17. axb5 axb5 18. Bf3 Nd5 19. Bd6 Re8 20. e4 N5b6 21. e5 Nd5 22. Be4 Qh4 23. f4 Ra6 24. g3 Qh3 25. Rbe1 Rea8 26. Rf2 Ra1 27. Rfe2 R8a2 28. Rxa1 Rxa1+ 29. Nb1 f5 30. Bg2 Qg4 31. Kf2 N7b6 32. h3 Qh5 33. Bc5 Bd7 34. Nc3 Nxc3 35. Qxc3 Ra6 36. Bb7 Nd5 37. Qf3 Qxf3+ 38. Kxf3 Ra1 39. Bxd5 exd5 40. e6 Bc6 41. e7 Kf7 42. e8=Q+ Bxe8 43. Re7+ Kf6 44. Rxe8 c3 45. Re2 Rb1 46. Ke3 b4 47. Kd3 Rg1 48. Be7+ Kf7 49. Bh4 Rd1+ 50. Kc2 Rxd4 51. Be7 g6 52. Bd6 h6 53. Re7+ Kg8 54. Re2 g5 55. fxg5 hxg5 56. Rf2 Kh7 57. Bc5 Re4 58. Kb3 f4 59. gxf4 gxf4 60. Bxb4 d4 61. Kc2 Kh6 62. Bd6 Kg5 63. h4+ Kxh4 64. Bxf4 Kg4 65. Bd6 Kh3 66. Kd3 Re6 67. Bc7 Rc6 1/2-1/2

[Event "Quebec-ch U20"]
[Site "Montreal CAN"]
[Date "2013.02.10"]
[Round "5"]
[White "Saha, Ananda"]
[Black "Nikulich, Oleksandr"]
[Result "0-1"]
[WhiteElo "1647"]
[BlackElo "1933"]
[PlyCount "72"]
[GameId "2160767909381878"]
[EventDate "2013.02.08"]
[EventType "swiss"]
[EventRounds "5"]
[EventCountry "CAN"]
[SourceTitle "EXT 2022"]
[Source "ChessBase"]
[SourceDate "2021.10.06"]
[SourceVersion "1"]
[SourceVersionDate "2021.10.06"]
[SourceQuality "1"]

1. d4 Nf6 2. c4 e6 3. Nc3 Bb4 4. e3 O-O 5. Bd3 d5 6. c5 Nc6 7. Nge2 e5 8. O-O b6 9. a3 Bxc3 10. Nxc3 bxc5 11. dxc5 e4 12. Bb5 Ne5 13. Qd4 Nfg4 14. Qxd5 Qh4 15. h3 Bf5 16. Be2 Rad8 17. Qb7 Rde8 18. hxg4 Re6 19. gxf5 Rh6 20. f3 exf3 21. Qxf3 Nxf3+ 22. Bxf3 Qe7 23. c6 Qc5 24. Bd2 Qxf5 25. Nd5 Qc2 26. Bc3 Re6 27. Bg4 Rd6 28. Ne7+ Kh8 29. Be5 Rd2 30. Bf3 Qc5 31. Nd5 Rxd5 32. Bxd5 Qxe3+ 33. Rf2 Qxe5 34. Bxf7 Qc5 35. Rd1 g6 36. Rdf1 Rxf7 0-1

[Event "Quebec-ch U20"]
[Site "Montreal CAN"]
[Date "2013.02.10"]
[Round "5"]
[White "Sprumont, Oscar"]
[Black "Cote-Lalumiere, Tristan"]
[Result "1/2-1/2"]
[WhiteElo "1942"]
[BlackElo "1859"]
[PlyCount "46"]
[GameId "2160767909381879"]
[EventDate "2013.02.08"]
[EventType "swiss"]
[EventRounds "5"]
[EventCountry "CAN"]
[SourceTitle "EXT 2022"]
[Source "ChessBase"]
[SourceDate "2021.10.06"]
[SourceVersion "1"]
[SourceVersionDate "2021.10.06"]
[SourceQuality "1"]

1. e4 g6 2. Nc3 c6 3. g3 d5 4. d3 dxe4 5. Nxe4 Bg7 6. Bg2 Nf6 7. Nxf6+ Bxf6 8. Nf3 O-O 9. d4 Bf5 10. c3 Nd7 11. O-O Re8 12. Qb3 Qb6 13. Qxb6 Nxb6 14. Re1 Rad8 15. Ne5 Nd7 16. Nxd7 Rxd7 17. Bf4 Red8 18. h4 h5 19. Re3 Be6 20. Be5 Bxe5 21. Rxe5 Rd6 22. Rae1 R8d7 23. Kh2 Kf8 1/2-1/2

[Event "Quebec-ch U20"]
[Site "Montreal CAN"]
[Date "2013.02.10"]
[Round "5"]
[White "Yu, Zong Yang"]
[Black "Sturt, Raven"]
[Result "0-1"]
[WhiteElo "2112"]
[BlackElo "2301"]
[PlyCount "96"]
[GameId "2160767909381880"]
[EventDate "2013.02.08"]
[EventType "swiss"]
[EventRounds "5"]
[EventCountry "CAN"]
[SourceTitle "EXT 2022"]
[Source "ChessBase"]
[SourceDate "2021.10.06"]
[SourceVersion "1"]
[SourceVersionDate "2021.10.06"]
[SourceQuality "1"]

1. d4 d5 2. c4 c6 3. Nc3 dxc4 4. e3 b5 5. a4 b4 6. Na2 e6 7. Bxc4 Nf6 8. Nf3 Be7 9. O-O Nbd7 10. Bd2 a5 11. Nc1 O-O 12. Nb3 Bb7 13. Qe2 Qb6 14. Rac1 c5 15. Rfd1 Rfd8 16. Ne1 Ne4 17. Nd3 cxd4 18. exd4 Nxd2 19. Qxd2 Rac8 20. Qe3 g6 21. Re1 Bf6 22. Bb5 Nb8 23. Rxc8 Rxc8 24. Ne5 Bd5 25. Nc5 Qd8 26. Ne4 Bg7 27. Qf4 Rc7 28. Nc5 Nc6 29. Na6 Bxe5 30. dxe5 Rc8 31. Nc5 Nxe5 32. Nxe6 Qd6 33. Rxe5 Bxe6 34. g3 Bh3 35. Re1 Qxf4 36. gxf4 Rc2 37. Bf1 Be6 38. Re5 Rxb2 39. Rxa5 Rd2 40. Rb5 b3 41. a5 Kg7 42. Kg2 b2 43. a6 Bd5+ 44. Kg3 Rd1 45. Rxb2 Rxf1 46. Rb5 Rg1+ 47. Kh4 Bf3 48. Ra5 Rg4+ 0-1

[Event "Quebec-ch U20"]
[Site "Montreal CAN"]
[Date "2013.02.10"]
[Round "5"]
[White "Zhu, Hong Rui"]
[Black "Kleinman, Michael"]
[Result "1-0"]
[WhiteElo "2062"]
[BlackElo "2301"]
[PlyCount "81"]
[GameId "2160767909381881"]
[EventDate "2013.02.08"]
[EventType "swiss"]
[EventRounds "5"]
[EventCountry "CAN"]
[SourceTitle "EXT 2022"]
[Source "ChessBase"]
[SourceDate "2021.10.06"]
[SourceVersion "1"]
[SourceVersionDate "2021.10.06"]
[SourceQuality "1"]

1. e4 c5 2. Nf3 d6 3. d4 cxd4 4. Qxd4 Nc6 5. Bb5 Bd7 6. Qd3 Nf6 7. Bg5 e6 8. Nc3 Be7 9. O-O-O Qc7 10. Kb1 a6 11. Bxc6 Bxc6 12. Rhe1 Rd8 13. Nd4 O-O 14. h4 h6 15. Bc1 b5 16. f3 Nd7 17. Nxc6 Qxc6 18. Nd5 Bxh4 19. Rh1 Ne5 20. Rxh4 exd5 21. Qxd5 Rc8 22. Qxc6 Rxc6 23. b3 Rd8 24. Rhh1 Rc7 25. Rd5 Rcd7 26. Rhd1 Ng6 27. Ba3 Nf4 28. R5d2 d5 29. g3 Nh5 30. Rxd5 Rxd5 31. Rxd5 Rxd5 32. exd5 f5 33. Bd6 Nf6 34. c4 Kf7 35. Kc2 bxc4 36. bxc4 Ke8 37. Be5 Nd7 38. Bxg7 h5 39. Bd4 Nf8 40. Kd3 Ng6 41. Ke3 1-0

[Event "Quebec-ch U20 B"]
[Site "Montreal CAN"]
[Date "2013.02.08"]
[Round "1"]
[White "Hua, Justin"]
[Black "Zhong, Wenxuan"]
[Result "1/2-1/2"]
[WhiteElo "1052"]
[BlackElo "1207"]
[PlyCount "76"]
[GameId "2160767909381882"]
[EventDate "2013.02.08"]
[EventType "swiss"]
[EventRounds "5"]
[EventCountry "CAN"]
[SourceTitle "hb 2013"]

1. e4 e5 2. Nf3 Nc6 3. Nc3 Nf6 4. Bc4 Nxe4 5. Nxe4 d5 6. Bb3 dxe4 7. Ng1 Bd6 8. d3 exd3 9. Qxd3 O-O 10. Nf3 Re8 11. Ng5 Be6 12. Qxh7+ Kf8 13. Bxe6 Rxe6 14. Nxe6+ fxe6 15. Qh8+ Kf7 16. Qxd8 Rxd8 17. O-O Nd4 18. Bg5 Re8 19. c3 Nf5 20. Be3 a6 21. b4 e4 22. Rae1 Rh8 23. g3 Be5 24. Bf4 Bxf4 25. gxf4 Nh4 26. Re3 Nf3+ 27. Kg2 Nh4+ 28. Kh1 Nf3 29. h4 Nxh4 30. Rh3 Kf6 31. Re1 Kf5 32. Ree3 Kxf4 33. Reg3 g5 34. f3 exf3 35. Rxf3+ Nxf3 36. Rxh8 e5 37. Kg2 Ke3 38. Kf1 e4 1/2-1/2

[Event "Quebec-ch U20 B"]
[Site "Montreal CAN"]
[Date "2013.02.08"]
[Round "1"]
[White "Yu, Cindy"]
[Black "Gao, Catherine"]
[Result "1-0"]
[WhiteElo "1138"]
[BlackElo "1323"]
[PlyCount "74"]
[GameId "2160767909381883"]
[EventDate "2013.02.08"]
[EventType "swiss"]
[EventRounds "5"]
[EventCountry "CAN"]
[SourceTitle "hb 2013"]

1. e4 e5 2. Nf3 Nc6 3. Bc4 Nf6 4. d3 Bc5 5. c3 O-O 6. Bb3 d5 7. Bg5 Re8 8. O-O dxe4 9. Bxf6 Qxf6 10. dxe4 Bg4 11. Nbd2 Rad8 12. Qe2 Qg6 13. Kh1 Qh6 14. Qc4 b6 15. Qxf7+ Kh8 16. Ba4 Re7 17. Qb3 Red7 18. Bxc6 Qxc6 19. Nxe5 Qh6 20. Nxd7 Rxd7 21. Nc4 Be6 22. Qb5 Rd8 23. Ne5 Bd6 24. f4 Rf8 25. f5 c6 26. Ng4 Qh4 27. Qxc6 Rd8 28. Rad1 Bc4 29. Qxc4 Qxg4 30. Rxd6 Rg8 31. Rfd1 Qg5 32. Qc7 h6 33. Rd8 Kh7 34. Rxg8 Kxg8 35. Qd8+ Qxd8 36. Rxd8+ Kf7 37. Kg1 Ke7 1-0

[Event "Quebec-ch U20 B"]
[Site "Montreal CAN"]
[Date "2013.02.10"]
[Round "4"]
[White "Guipi Bopala, Prince Eric jr"]
[Black "Yu, Cindy"]
[Result "0-1"]
[WhiteElo "712"]
[BlackElo "1138"]
[PlyCount "63"]
[GameId "2160767909381884"]
[EventDate "2013.02.08"]
[EventType "swiss"]
[EventRounds "5"]
[EventCountry "CAN"]
[SourceTitle "hb 2013"]

1. d4 Nf6 2. Nc3 g6 3. Bf4 Bg7 4. Nb5 d6 5. Nf3 O-O 6. Bg5 h6 7. Bxf6 Bxf6 8. h4 Bd7 9. Nc3 h5 10. Nd5 Bg7 11. e3 e5 12. dxe5 dxe5 13. Bd3 Re8 14. Be2 e4 15. Ng5 Bc6 16. Bc4 Nd7 17. Nc3 Ne5 18. Qxd8 Raxd8 19. Be2 Nd7 20. O-O-O a6 21. Bc4 Ne5 22. Rxd8 Rxd8 23. Be2 f5 24. f4 exf3 25. gxf3 Re8 26. e4 Bh6 27. a4 Nf7 28. b4 Nxg5 29. hxg5 Bxg5+ 30. Kb1 Bf6 31. b5 axb5 32. axb5 0-1

[Event "Quebec-ch classe"]
[Site "Montreal CAN"]
[Date "2013.01.18"]
[Round "1.1"]
[White "Libersan, Thierry"]
[Black "Sambuev, Bator"]
[Result "0-1"]
[WhiteElo "2128"]
[BlackElo "2576"]
[PlyCount "72"]
[GameId "2160767909381946"]
[EventDate "2013.01.18"]
[EventType "swiss"]
[EventRounds "5"]
[EventCountry "CAN"]
[SourceTitle "EXT 2022"]
[Source "ChessBase"]
[SourceDate "2021.10.06"]
[SourceVersion "1"]
[SourceVersionDate "2021.10.06"]
[SourceQuality "1"]

1. e4 e6 2. d4 d5 3. Nc3 Bb4 4. Nge2 dxe4 5. a3 Be7 6. Nxe4 Nc6 7. g3 b6 8. Bg2 Bb7 9. O-O Nf6 10. Nxf6+ Bxf6 11. c3 O-O 12. Nf4 Na5 13. Bxb7 Nxb7 14. Nh5 Nd6 15. Qg4 a5 16. Bf4 a4 17. Rad1 g6 18. Nxf6+ Qxf6 19. Bxd6 cxd6 20. d5 e5 21. Rfe1 Qd8 22. Qb4 f5 23. f4 e4 24. Rd4 Ra5 25. Red1 Qc7 26. Rc4 Rc5 27. Rxc5 Qxc5+ 28. Rd4 Ra8 29. Kf2 b5 30. Ke2 Kg7 31. Kd2 Kf6 32. Ke2 h6 33. h3 g5 34. Ke3 Qb6 35. c4 gxf4+ 36. gxf4 Rg8 0-1

[Event "Quebec-ch classe"]
[Site "Montreal CAN"]
[Date "2013.01.18"]
[Round "1.3"]
[White "Lopez Linares, Lizandro"]
[Black "Hambleton, Aman"]
[Result "0-1"]
[WhiteElo "2066"]
[BlackElo "2370"]
[PlyCount "100"]
[GameId "2160767909381948"]
[EventDate "2013.01.18"]
[EventType "swiss"]
[EventRounds "5"]
[EventCountry "CAN"]
[SourceTitle "EXT 2022"]
[Source "ChessBase"]
[SourceDate "2021.10.06"]
[SourceVersion "1"]
[SourceVersionDate "2021.10.06"]
[SourceQuality "1"]

1. d4 Nf6 2. Nf3 e6 3. c4 b6 4. a3 Bb7 5. Nc3 d5 6. cxd5 Nxd5 7. e3 Be7 8. Bd3 Nxc3 9. bxc3 O-O 10. O-O c5 11. Qe2 Qc8 12. Bb2 Ba6 13. c4 Nd7 14. Rac1 Re8 15. Rfd1 cxd4 16. exd4 Qc7 17. Qe4 Nf8 18. d5 f5 19. Qe2 Bc5 20. Qc2 Bb7 21. Bf1 Rad8 22. Ng5 Qe7 23. Nxe6 Nxe6 24. dxe6 Qxe6 25. Qc3 Qf7 26. Qg3 h6 27. h4 f4 28. Qg4 f3 29. g3 Bc8 30. Qf4 Qxf4 31. gxf4 Bf5 32. Rd5 Be4 33. Be5 Bxa3 34. Ra1 Bxd5 35. cxd5 Bd6 36. Rxa7 Bxe5 37. fxe5 Rxe5 38. Kh2 Re4 39. Bb5 Rxd5 40. Bc6 Rxh4+ 41. Kg3 Rdd4 42. Bxf3 g5 43. Rb7 Rd3 44. Kg2 Rf4 45. Bh5 Rd2 46. Rb8+ Rf8 47. Rxb6 Rdxf2+ 48. Kg3 R2f6 49. Rb3 Kg7 50. Rb7+ R8f7 0-1

[Event "Quebec-ch classe"]
[Site "Montreal CAN"]
[Date "2013.01.18"]
[Round "1.4"]
[White "MacKinnon, Keith"]
[Black "Cardona, Misael"]
[Result "0-1"]
[WhiteElo "2316"]
[BlackElo "2031"]
[PlyCount "72"]
[GameId "2160767909381949"]
[EventDate "2013.01.18"]
[EventType "swiss"]
[EventRounds "5"]
[EventCountry "CAN"]
[SourceTitle "EXT 2022"]
[Source "ChessBase"]
[SourceDate "2021.10.06"]
[SourceVersion "1"]
[SourceVersionDate "2021.10.06"]
[SourceQuality "1"]

1. e4 c5 2. Nf3 e6 3. d4 cxd4 4. Nxd4 a6 5. Be2 Nc6 6. Be3 Nf6 7. Nc3 Bb4 8. O-O O-O 9. Nxc6 bxc6 10. e5 Nd5 11. Nxd5 cxd5 12. c4 dxc4 13. Bxc4 d5 14. exd6 Bxd6 15. Be2 Bb7 16. Bf3 Bxf3 17. Qxf3 Qb8 18. g3 Qxb2 19. Rad1 Be5 20. Rd2 Qb5 21. Rfd1 Bf6 22. Qe4 Rad8 23. a4 Rxd2 24. Rxd2 Qa5 25. Qc6 h5 26. Rd6 Qe1+ 27. Kg2 Be5 28. Rd7 Qe2 29. Ra7 h4 30. Bc5 Rd8 31. Qxa6 Qe4+ 32. f3 Rd2+ 33. Bf2 Qc2 34. Ra8+ Kh7 35. Qb6 Bd4 36. Rh8+ Kg6 0-1

[Event "Quebec-ch classe"]
[Site "Montreal CAN"]
[Date "2013.01.18"]
[Round "1.6"]
[White "Sturt, Raven"]
[Black "Dumouchel, Alain"]
[Result "1-0"]
[WhiteElo "2283"]
[BlackElo "2020"]
[PlyCount "77"]
[GameId "2160767909381951"]
[EventDate "2013.01.18"]
[EventType "swiss"]
[EventRounds "5"]
[EventCountry "CAN"]
[SourceTitle "EXT 2022"]
[Source "ChessBase"]
[SourceDate "2021.10.06"]
[SourceVersion "1"]
[SourceVersionDate "2021.10.06"]
[SourceQuality "1"]

1. d4 d5 2. c4 e6 3. Nf3 Be7 4. g3 Nf6 5. Bg2 O-O 6. O-O dxc4 7. Qc2 a6 8. Qxc4 b5 9. Qc2 Bb7 10. Bd2 Be4 11. Qc1 Nbd7 12. Ba5 Bd6 13. Nbd2 Bb7 14. Qc2 Re8 15. Rfd1 Qb8 16. b4 e5 17. dxe5 Nxe5 18. Nxe5 Bxe5 19. Bxb7 Qxb7 20. Rac1 Bd6 21. e3 Re7 22. Qc6 Qa7 23. Nb3 Rae8 24. Nd4 g6 25. Qf3 Nd7 26. Nc6 Ne5 27. Nxe7+ Rxe7 28. Qd5 h5 29. Rd4 Qb8 30. Kg2 Ng4 31. Qc6 Ne5 32. Qd5 Kg7 33. h3 Qe8 34. Re4 f5 35. Rd4 Rd7 36. e4 Bxb4 37. Rxc7 Bxa5 38. Rxd7+ Nxd7 39. Qxd7+ 1-0

[Event "Quebec-ch classe"]
[Site "Montreal CAN"]
[Date "2013.01.19"]
[Round "2.2"]
[White "Hambleton, Aman"]
[Black "Prahov, Valentin"]
[Result "1-0"]
[WhiteElo "2370"]
[BlackElo "2121"]
[PlyCount "77"]
[GameId "2160767909381954"]
[EventDate "2013.01.18"]
[EventType "swiss"]
[EventRounds "5"]
[EventCountry "CAN"]
[SourceTitle "EXT 2022"]
[Source "ChessBase"]
[SourceDate "2021.10.06"]
[SourceVersion "1"]
[SourceVersionDate "2021.10.06"]
[SourceQuality "1"]

1. d4 Nf6 2. c4 g6 3. Nc3 d5 4. cxd5 Nxd5 5. Bd2 Bg7 6. e4 Nb6 7. Be3 O-O 8. h3 Nc6 9. Nf3 f5 10. exf5 Bxf5 11. Qb3+ Kh8 12. d5 Ne5 13. Nxe5 Bxe5 14. g4 Bd7 15. Bg2 c6 16. dxc6 Bxc6 17. Bxc6 bxc6 18. Rd1 Qc7 19. O-O Rad8 20. Qe6 Bf6 21. Bh6 Bg7 22. Bg5 Bf6 23. Rxd8 Qxd8 24. Rd1 Qc7 25. Be3 Qc8 26. Qe4 Qc7 27. Kg2 Nd5 28. Nxd5 cxd5 29. Rxd5 Bxb2 30. Rb5 Bf6 31. Rb7 Qd6 32. Rxa7 g5 33. Ra5 Rg8 34. a4 h6 35. Rc5 Kg7 36. Rc6 Qa3 37. Bc5 Qb2 38. Bxe7 Rf8 39. Bxf8+ 1-0

[Event "Quebec-ch classe"]
[Site "Montreal CAN"]
[Date "2013.01.19"]
[Round "2.3"]
[White "Kleinman, Michael"]
[Black "Auger, Bertrand"]
[Result "1-0"]
[WhiteElo "2288"]
[BlackElo "1978"]
[PlyCount "55"]
[GameId "2160767909381955"]
[EventDate "2013.01.18"]
[EventType "swiss"]
[EventRounds "5"]
[EventCountry "CAN"]
[SourceTitle "EXT 2022"]
[Source "ChessBase"]
[SourceDate "2021.10.06"]
[SourceVersion "1"]
[SourceVersionDate "2021.10.06"]
[SourceQuality "1"]

1. e4 e6 2. d4 d5 3. Nd2 dxe4 4. Nxe4 Bd7 5. Nf3 Bc6 6. Bd3 Nd7 7. O-O Ngf6 8. Ned2 Be7 9. b3 O-O 10. Bb2 Nd5 11. Re1 Nf4 12. Bf1 Ng6 13. g3 Nf6 14. Bg2 a5 15. c4 a4 16. Qc2 Ra6 17. Rad1 b5 18. d5 exd5 19. Nd4 axb3 20. axb3 bxc4 21. Nxc6 Rxc6 22. bxc4 Rb6 23. cxd5 Nxd5 24. Nc4 Rb5 25. Ne5 Bb4 26. Nc6 Qd6 27. Bxd5 Rxd5 28. Rxd5 1-0

[Event "Quebec-ch classe"]
[Site "Montreal CAN"]
[Date "2013.01.19"]
[Round "2.4"]
[White "Cardona, Misael"]
[Black "Dumont, Felix"]
[Result "0-1"]
[WhiteElo "2031"]
[BlackElo "2121"]
[PlyCount "114"]
[GameId "2160767909381956"]
[EventDate "2013.01.18"]
[EventType "swiss"]
[EventRounds "5"]
[EventCountry "CAN"]
[SourceTitle "EXT 2022"]
[Source "ChessBase"]
[SourceDate "2021.10.06"]
[SourceVersion "1"]
[SourceVersionDate "2021.10.06"]
[SourceQuality "1"]

1. d4 Nf6 2. c4 g6 3. Nc3 Bg7 4. e4 d6 5. f4 O-O 6. Nf3 Na6 7. Be2 e5 8. fxe5 dxe5 9. d5 Nc5 10. Bg5 h6 11. Bxf6 Qxf6 12. b4 Nd7 13. Rb1 a5 14. a3 axb4 15. axb4 Qf4 16. Qd3 Ra3 17. Nd2 f5 18. g3 Qg5 19. O-O f4 20. c5 fxg3 21. hxg3 Nf6 22. Nc4 Rxc3 23. Qxc3 Nxe4 24. Rxf8+ Kxf8 25. Qf3+ Bf5 26. Kg2 Nxg3 27. Ra1 Nxe2+ 28. Kf1 Qf4 29. Ra8+ Ke7 30. Qxf4 Nxf4 31. d6+ Kd7 32. dxc7 Kxc7 33. Nd6 Kc6 34. Re8 b6 35. cxb6 Kxb6 36. Nc4+ Kb5 37. Nxe5 Bxe5 38. Rxe5+ Kxb4 39. Re8 Kc4 40. Kf2 Kd4 41. Kg3 Ne6 42. Ra8 Ke5 43. Ra4 g5 44. Ra5+ Ke4 45. Ra4+ Nd4 46. Ra1 h5 47. Re1+ Kd5 48. Re8 h4+ 49. Kf2 Ne6 50. Rh8 Ke4 51. Kg2 Kf4 52. Ra8 h3+ 53. Kh2 g4 54. Ra4+ Be4 55. Ra6 Ng5 56. Rf6+ Bf5 57. Ra6 g3+ 0-1

[Event "Quebec-ch classe"]
[Site "Montreal CAN"]
[Date "2013.01.19"]
[Round "2.5"]
[White "Robichaud, Louis"]
[Black "MacKinnon, Keith"]
[Result "1-0"]
[WhiteElo "2032"]
[BlackElo "2316"]
[PlyCount "63"]
[GameId "2160767909381957"]
[EventDate "2013.01.18"]
[EventType "swiss"]
[EventRounds "5"]
[EventCountry "CAN"]
[SourceTitle "EXT 2022"]
[Source "ChessBase"]
[SourceDate "2021.10.06"]
[SourceVersion "1"]
[SourceVersionDate "2021.10.06"]
[SourceQuality "1"]

1. e4 c5 2. Nc3 Nc6 3. g3 g6 4. Bg2 Bg7 5. d3 d6 6. f4 e6 7. Nf3 Nge7 8. O-O O-O 9. Be3 Nd4 10. e5 Nef5 11. Bf2 dxe5 12. Nxe5 f6 13. Nc4 Rb8 14. Ne4 b5 15. Ncd2 c4 16. c3 Nc6 17. d4 Nfe7 18. Qe2 e5 19. fxe5 fxe5 20. dxe5 Bxe5 21. Bc5 Rf5 22. g4 Rf4 23. Rxf4 Bxf4 24. Rf1 g5 25. Nf6+ Kh8 26. Nde4 Qc7 27. Rd1 Bxh2+ 28. Kh1 Be5 29. Ne8 Qa5 30. Nxg5 Bb7 31. Nf7+ Kg8 32. Nxe5 1-0